| Tag |
First Indicator |
Second Indicator |
Subfields |
| LEADER |
00000cam a2200000 a 4500 |
| 001 |
in00000071094 |
| 005 |
20151008062043.0 |
| 008 |
800929s1979 abca b 10110 engm |
| 010 |
|
|
|a 80498364
|
| 015 |
|
|
|a C***
|
| 035 |
|
|
|a (OCoLC)06863161
|
| 035 |
|
|
|9 AAJ9418AM
|
| 040 |
|
|
|a DLC
|c DLC
|d m.c.
|d TXA
|d UtOrBLW
|
| 049 |
|
|
|a TXAM
|c [1195726]
|
| 050 |
0 |
0 |
|a QA801
|b .I43 1979
|
| 082 |
0 |
|
|a 531
|2 19
|
| 111 |
2 |
|
|a International Symposium on Recent Developments in the Theory and Applications of Generalized and Oriented Media
|d (1979 :
|c University of Calgary)
|
| 245 |
1 |
0 |
|a Recent developments in the theory and applications of generalized and oriented media =
|b Developpements recents de la theorie et de l'application des milieux generalises et orientes /
|c editors, P.G. Glockner, M. Epstein, D.J. Malcolm.
|
| 246 |
3 |
1 |
|a Developpements recents de la theorie et de l'application des milieux generalises et orientes
|
| 264 |
|
1 |
|a Calgary [Alta.] :
|b [publisher not identified],
|c [1979?]
|
| 300 |
|
|
|a v, 250 pages :
|b illustrations ;
|c 28 cm.
|
| 336 |
|
|
|a text
|b txt
|2 rdacontent
|
| 337 |
|
|
|a unmediated
|b n
|2 rdamedia
|
| 338 |
|
|
|a volume
|b nc
|2 rdacarrier
|
| 500 |
|
|
|a "Organized under the auspices of the American Academy of Mechanics (AAM) with co-sponsorship from the Division of Mechanics and Applied Mathematics (DIMAM) of the Canadian Society for Mechanical Engineering (CSME)."
|
| 500 |
|
|
|a "Proceedings of the symposium held at the University of Calgary, August 1-3, 1979."
|
| 500 |
|
|
|a On cover: T.A.G.O.M.
|
| 504 |
|
|
|a Includes bibliographical references and index.
|
| 650 |
|
0 |
|a Mechanics
|x Congresses.
|
| 700 |
1 |
|
|a Glockner, P. G.
|
| 700 |
1 |
|
|a Epstein, M.
|q (Marcelo)
|
| 700 |
1 |
|
|a Malcolm, D. J.
|
| 710 |
2 |
|
|a American Academy of Mechanics.
|
| 710 |
2 |
|
|a Canadian Society for Mechanical Engineering.
|b Division of Mechanics and Applied Mathematics.
|
| 740 |
0 |
|
|a Developpements recents de la theorie et de l'application des milieux generalises et orientes.
|
| 999 |
|
|
|a MARS
|
| 999 |
f |
f |
|s 46045420-e2ab-31ce-88a8-6906c9030ff4
|i a62cc3e8-d0e3-3e4f-8c43-dd1ae52a0950
|t 0
|
| 952 |
f |
f |
|p ric
|a Texas A&M University
|b Rellis Campus
|c Joint Library Facility
|d Remote Storage
|t 0
|e QA801 .I43 1979
|h Library of Congress classification
|i unmediated -- volume
|m A14806205998
|
| 998 |
f |
f |
|a QA801 .I43 1979
|t 0
|l Remote Storage
|